000 00884aab a2200193 i 4500
001 768714001
003 CO-MdFUSB
005 20240422110436.0
008 240410t1984 ag ||||| |||| 00| 0 spa d
040 _bspa
_cCO-MdFUSB
041 _aspa
100 1 _aRamírez, Eduardo M.
_eautor
245 _aSermón participatorio
_c/ Eduardo M. Ramírez
300 _aVolumen 3, número 3 (septiembre, 1984), páginas: 121 - 122
_c; 27 cm
520 _aEn este artículo asumimos el desafío de hacer algunas sugerencias para la implementación de una predicación participativa o dialógica. Más que una idea nueva, el desafío es hacer crecer a la congregación para que desarrollen el sermón junto con el predicador.
650 7 _aSermones
_9283
773 0 _tIglesia y Misión
_049402
_959687
_gVolumen 3, número 3 (septiembre, 1984), páginas: 121 - 122
_qpágina: 121
942 _cANA
999 _c51497
_d51497